000 00649nam a22001935i 4500
001 154080
003 ES-MaACL
005 20240518063043.0
008 040908s1893 sp |||| | spa d
040 _aCAM
_bspa
_cCAM
100 0 _aFéval, Paul,
_d1816-1887
_950646
245 1 3 _aEl hijo del diablo /
_cpor Paul Feval.
260 _aMadrid :
_b[s.n.],
_c1893 (
_fImprenta y estereotipia de El Liberal)
300 _a395 p. ;
_c26 cm.
490 1 _aBiblioteca de El Liberal
830 0 _aBiblioteca de El Liberal
_9182077
852 _aES-MaACL
_jF-8495(2)
_z-- Enc. hol.
_z-- Enc. en un vol. facticio
999 _c154080
_d154080